000
00357nam a2200169Ia 4500
001
11000
005
20250626030821.0
008
211022s9999 xx 000 0 und d
082
_a
747.9201 SCH
100
_a
Schottle, Rudiger
245
0
_a
Neondekorationen
260
_a
Stuttgart
260
_b
Fey
260
_c
1979
300
_a
143
942
_c
BK
999
_c
12498
_d
12498